Statistiques concernant Pays avec animaux dans leurs drapeaux

Cliquez ici pour prendre le quiz!

Statistiques générales

  • Ce quiz a été pris 503 fois
    (465 depuis la dernière actualisation)
  • Le résultat moyen est 13 sur 23

Statistiques - réponses

Réponse% Correct
Albanie
99%
Bhoutan
88%
Kazakhstan
80%
Sri Lanka
78%
Papouasie-Nouvelle- Guinée
77%
Équateur
75%
Égypte
74%
Ouganda
73%
Mexique
71%
Monténégro
71%
Serbie
63%
Zambie
60%
Fidji
58%
Moldavie
55%
Zimbabwe
52%
Dominique
51%
Guatemala
36%
Kiribati
33%
Andorre
25%
Paraguay
25%
Espagne
15%
Pérou
15%
Croatie
10%

Distribution des résultats

Percentile par nombre de réponses

% des personnes avec chaque résultat

Votre développement - résultats

Vous n’avez pas pris ce quiz depuis la dernière actualisation